Differentiation in the modern languages classroom
Պահպանված է:
| Հիմնական հեղինակներ: | , |
|---|---|
| Ձևաչափ: | Գիրք |
| Լեզու: | անգլերեն |
| Հրապարակվել է: |
Frankfurt am Main
Peter Lang
2003
|
| Շարք: | Foreign Language Teaching in Europe
|
| Խորագրեր: | |
| Ցուցիչներ: |
Ավելացրեք ցուցիչ
Չկան պիտակներ, Եղեք առաջինը, ով նշում է այս գրառումը!
|
MARC
| LEADER | 00000cam a2200000 a 4500 | ||
|---|---|---|---|
| 001 | UCC9373 | ||
| 003 | CL-VaPUC | ||
| 005 | 20231218155247.0 | ||
| 008 | 190927e20030000gw |||||||||||||||||eng|d | ||
| 999 | |c 375559 |d 375557 | ||
| 020 | |a 3631507348 | ||
| 040 | |c Pontificia Universidad Católica de Valparaíso | ||
| 082 | 0 | 4 | |a 418.0071 JIM 2003 |2 21 |
| 100 | |a Jiménez Raya, Manuel |e author |9 387 | ||
| 245 | 1 | 0 | |a Differentiation in the modern languages classroom |
| 260 | |a Frankfurt am Main |b Peter Lang |c 2003 | ||
| 300 | |a 253 páginas | ||
| 440 | |a Foreign Language Teaching in Europe |n 7 |9 856947 | ||
| 583 | |a last modification |c 20190927 15:31:00 |k Rodrigo Vera | ||
| 650 | 0 | |a Lenguas extranjeras |9 343620 | |
| 650 | 0 | |a Estudio y enseñanza |9 270395 | |
| 700 | 0 | |a Lamb, Terry |e author |9 604414 | |
| 852 | |a BIBCUR | ||
| 942 | |c BK |2 ddc | ||
| 945 | |d 20190927 15:31:00 |a dcastane | ||
| 952 | |0 0 |1 0 |2 ddc |3 erb |4 0 |6 418_007100000000000_JIM_2003 |7 0 |9 494563 |a BIBEDU |b BIBEDU |c GEN |i 5561337 |l 1 |o 418.0071 JIM 2003 |p 5561337 |r 2023-06-30 |s 2023-04-28 |w 2019-11-24 |y BK |z Catalogado en:20190927 |k LIT | ||